Loading...
| History - European | 0 | 4 | 0 | 1 | 40 | 28 | 55.75 | 1 | 1 | 0.00 | 0.00 |
| Religion | 0 | 4 | 1 | 0 | 35 | 29 | 58.75 | 2 | 3 | 0.00 | 0.00 |
| Literature - American | 0 | 3 | 0 | 1 | 30 | 32 | 63.67 | 1 | 2 | 0.00 | 0.00 |
| Current Events | 0 | 3 | 0 | 2 | 30 | 79 | 98.67 | 0 | 0 | 0.00 | 0.00 |
| Fine Arts - Classical Music | 0 | 3 | 1 | 1 | 25 | 70 | 95.00 | 0 | 0 | 0.00 | 0.00 |
| Social Science | 0 | 2 | 0 | 0 | 20 | 69 | 70.50 | 0 | 0 | 0.00 | 0.00 |
| Fine Arts - Other | 0 | 2 | 0 | 1 | 20 | 82 | 98.00 | 0 | 0 | 0.00 | 0.00 |
| History - World | 0 | 2 | 0 | 1 | 20 | 91 | 96.50 | 0 | 0 | 0.00 | 0.00 |
| Literature - British | 0 | 2 | 0 | 0 | 20 | 30 | 33.50 | 1 | 2 | 0.00 | 0.00 |
| Literature - European | 0 | 2 | 0 | 0 | 20 | 40 | 61.00 | 0 | 2 | 0.00 | 0.00 |
| Science - Biology | 0 | 2 | 0 | 1 | 20 | 67 | 81.00 | 0 | 0 | 0.00 | 0.00 |
| Science - Other | 0 | 2 | 0 | 1 | 20 | 54 | 78.50 | 0 | 0 | 0.00 | 0.00 |
| Science - Physics | 0 | 3 | 2 | 1 | 20 | 41 | 78.00 | 0 | 1 | 0.00 | 0.00 |
| Fine Arts - Painting and Sculpture | 0 | 1 | 0 | 1 | 10 | 76 | 76.00 | 0 | 0 | 0.00 | 0.00 |
| History - American | 0 | 1 | 0 | 0 | 10 | 82 | 82.00 | 1 | 1 | 0.00 | 0.00 |
| Mythology | 0 | 1 | 0 | 0 | 10 | 72 | 72.00 | 0 | 1 | 0.00 | 0.00 |
| Philosophy | 0 | 1 | 0 | 0 | 10 | 51 | 51.00 | 0 | 1 | 0.00 | 0.00 |
| Science - Chemistry | 0 | 2 | 2 | 0 | 10 | 52 | 72.00 | 0 | 0 | 0.00 | 0.00 |
| Popular Culture | 0 | 1 | 1 | 0 | 5 | 83 | 83.00 | 0 | 0 | 0.00 | 0.00 |
| History - Other | 0 | 1 | 2 | 0 | 0 | 67 | 67.00 | 0 | 1 | 0.00 | 0.00 |